000 00676nam a2200229 a 4500
001 ES-MaREB00584618-9
003 OSt
005 20140204182744.0
008 031001s1996 mex spa
020 _a968-16-0396-6
040 _aBP-ZA
_cBMC
082 _a880.809
100 1 _aBowra, C. M.
_912767
245 1 0 _aLa literatura griega
_cC.M. Bowra ; [traducción de Alfonso Reyes]
250 _a1ª ed., 15ª reimp
260 _aMéxico, D.F.
_bFondo de Cultura Económica
_c1996
300 _a215 p.
_c17 cm
490 _aBreviarios
_v1
650 2 4 _aLiteratura griega
_xHistoria y crítica
_912766
700 1 _aReyes, Alfonso
_9587
_d1889-1959
942 _2ddc
_cBK
999 _c6612
_d6612